Pensées
Сохранить в:
| Главный автор: | |
|---|---|
| Формат: | |
| Язык: | французский |
| Опубликовано: |
París
Garnier Fréres
1964
|
| Серии: | Classiques Garnier
|
| Предметы: | |
| Метки: |
Добавить метку
Нет меток, Требуется 1-ая метка записи!
|
MARC
| LEADER | 00000cam a2200000 a 4500 | ||
|---|---|---|---|
| 001 | UCZ3289 | ||
| 003 | CL-VaPUC | ||
| 005 | 20230320112349.0 | ||
| 008 | 951020e19640000FR |||||||||||||||||fre|d | ||
| 999 | |c 239779 |d 239777 | ||
| 040 | |c Pontificia Universidad Católica de Valparaíso | ||
| 082 | 0 | 4 | |a 194 |b PAS |2 21 |
| 100 | |a Pascal, Blaise |q (Pascal, Blas) |e auteur |9 515525 | ||
| 245 | 1 | 0 | |a Pensées |
| 260 | |a París |b Garnier Fréres |c 1964 | ||
| 300 | |a 342 p | ||
| 490 | 0 | |a Classiques Garnier | |
| 583 | |a last modification |c 20140821 01:20:59 |k Rodrigo Vera | ||
| 650 | 0 | |a Filosofía francesa |9 255698 | |
| 650 | 0 | |a Cristianismo |9 257361 | |
| 650 | 0 | |a Teología |9 258766 | |
| 650 | 0 | |a Filosofía cristiana |9 265980 | |
| 942 | |c BK |2 ddc | ||
| 945 | |d 19951020 00:00:00 |a cmena | ||
| 952 | |0 0 |1 0 |4 0 |6 194_000000000000000_PAS_1964 |7 0 |8 P |9 251166 |a BIBEDU |b BIBEDU |c BIBEDU_PB |d 2019-11-18 |i 1585053 |o 194 PAS 1964 |p 1585053 |r 2024-01-25 |w 2019-11-18 |y BK |k FIL | ||
| 952 | |0 0 |1 0 |3 erd |4 0 |6 194_000000000000000_PAS_1964 |7 0 |8 P |9 251167 |a BIBEDU |b BIBEDU |c BIBEDU_PB |i 5003091 |o 194 PAS 1964 |p 5003091 |r 2024-01-25 |w 2019-11-18 |y BK |z Catalogado en:20140821 |k FIL | ||